000 00651nam a2200229 a 4500
001 BRCA_7783
005 20190320210006.0
008 011013s1962----gw-ab#####---#000-0#ger-#
041 _ager
044 _agw
050 4 _aF3429.3
_b.A58 1962
100 1 _aAnton, Ferdinand
_92715
245 1 0 _aAlt-Peru und seine kunst
_cFerdinand Anton.
260 _aLeipzig
_bE. A. Seemann
_c1962
300 _a126 p.
_bil. (algunas a color), 167 láminas, mapas
_c32 cm.
500 _aX27
650 1 4 _aIndígenas de América del Sur
_xArte
_919274
651 4 _aPerú
_xArte
_919275
651 4 _aPerú
_xAntigüedades
_919276
902 _aGFM
942 _2lcc
_cB
999 _c7457
_d7457